书目信息 |
| 题名: |
清华逸事
|
|
| 作者: | 黄延复 著 | |
| 分册: | ||
| 出版信息: | 沈阳 辽海出版社 1998.09 |
|
| 页数: | 359页 | |
| 开本: | 32开 | |
| 丛书名: | ||
| 单 册: | ||
| 中图分类: | I251 | |
| 科图分类: | ||
| 主题词: | 报告文学--中国 , 传记文学--中国 | |
| 电子资源: | ||
| ISBN: | 7-80638-817-6 | |
| 000 | 00553nam0 2200205 45 | |
| 001 | 0105210946 | |
| 005 | 20010521092355.1 | |
| 010 | @a7-80638-817-6@d19.80元 | |
| 100 | @a20010521d1998 km y0chiy0120 ea | |
| 101 | 0 | @achi |
| 105 | @a z 000yy | |
| 200 | 1 | @a清华逸事@AQing Hua Yi Shi@f黄延复著@FHuang Yan Fu Zhu |
| 210 | @a沈阳@c辽海出版社@d1998.09 | |
| 215 | @a359页@d32开 | |
| 606 | 0 | @a报告文学@x中国 |
| 606 | 0 | @a传记文学@x中国 |
| 690 | @aI251@v3 | |
| 701 | 0 | @a黄延复@4著 |
| 801 | @aCN@bPftUser@c20010521 | |
| 905 | @b343049-053@dI251@eH257@f5 | |
| 清华逸事/黄延复著.-沈阳:辽海出版社,1998.09 |
| 359页;32开 |
| ISBN 7-80638-817-6:19.80元 |
| ● |
| 相关链接 |
|
|
|
正题名:清华逸事
索取号:I251/H257
 
预约/预借
| 序号 | 登录号 | 条形码 | 馆藏地/架位号 | 状态 | 备注 |
| 1 | 343049 | 203430493 | 社科二线400B/400B社科库 24排1列1层/ [索取号:I251/H257] | 在馆 | |
| 2 | 343050 | 203430509 | 社科二线400B/400B社科库 24排1列1层/ [索取号:I251/H257] | 在馆 | |
| 3 | 343051 | 203430518 | 文学库108/ [索取号:I251/H257] | 在馆 | |
| 4 | 343052 | 203430527 | 文学库108/ [索取号:I251/H257] | 在馆 | |
| 5 | 343053 | 203430536 | 社科二线400B/400B社科库 24排1列1层/ [索取号:I251/H257] | 在馆 |